00530nam a22001697a 450000500170000001000150001702000260003203500140005803700130007208200160008510000170010124500610011826000450017927000640022430000210028850000510030920200302114601.0 aENG-127885 c995.00a9780199489916 aEN-111417 bDBAD/PUB a305.6970954 aMaidul Islam aIndian Muslim (s) after liberalization/cby Maidul Islam aNew Delhic2019bOxford University Press a2/11 Ground Floor,Ansari Road,Dariyaganje110002bNew Delhi axv;312p.b23(hb) aincludes bibliographical references and index